| 000 | 01236nab a22002417a 4500 | ||
|---|---|---|---|
| 999 |
_c5767 _d5767 |
||
| 003 | OSt | ||
| 005 | 20260105205857.0 | ||
| 008 | 190514b xxu||||| |||| 00| 0 spa d | ||
| 040 | _cPJ | ||
| 100 |
_96682 _aIlacqua, Marcela |
||
| 245 | 1 | 3 |
_aLa Observación General 25 del Comité de los Derechos del Niño : _buna nueva agenda para los derechos de las infancias en el entorno digital / _cMarcela Ilacqua. |
| 300 | _ap. 6-17 | ||
| 500 | _aCita Online: | ||
| 505 | _aSumario: I. Introducción.— II. La Convención sobre los Derechos del Niño. Un documento vivo.— III. El emergente de lo digital. Un cambio de era, una nueva agenda para los derechos de las infancias.— IV. Análisis de algunos aspectos de la OG25.— V. En perspectiva: un llamado a la acción. | ||
| 505 | _tSi te interesa el texto, comunicate a koha@justierradelfuego.gov.ar | ||
| 650 | 0 |
_9967 _aDERECHO DE FAMILIA |
|
| 650 | 0 |
_92741 _aDERECHOS DE LAS NIÑAS, NIÑOS Y ADOLESCENTES |
|
| 650 | 0 |
_9281 _aINTERNET |
|
| 650 | 0 |
_92735 _aCONVENCIÓN SOBRE LOS DERECHOS DEL NIÑO |
|
| 650 | 0 |
_aTECNOLOGIA DE LA INFORMACION _9289 |
|
| 773 | 0 |
_02844 _93222 _dBuenos Aires : AbeledoPerrot, 1989- _tDerecho de familia. N° 113 - Marzo 2024 _z18511201 |
|
| 942 |
_2udc _cANA |
||